France - Mort subite sur une carte - Statistiques

Statistiques générales
  • Ce quiz a été pris 84 997 fois
  • Le résultat moyen est 4 sur 9
Answers on the Grid
Answers color-coded by a green-red scale on the quiz's grid according to % correct below.
 
Statistiques - réponses
Réponse % Correct
France métropolitaine
98%
Guyane, Guadeloupe, Martinique et autres territoires
78%
Mayotte, Reunion, îles Éparses
60%
Nouvelle Calédonie, Wallis-et-Futuna
47%
Saint-Pierre-et-Miquelon
38%
Polynésie française
17%
Clipperton
8%
Archipel Crozet
6%
Îles Kerguelen et les îles Saint-Paul et Amsterdam
6%
Aucun quiz correspondant
Distribution des résultats
% des personnes avec chaque résultat
Percentile par nombre de réponses
Votre historique - résultats
Vous n’avez pas pris ce quiz